000 00646cam a2200193 4500
001 WB3639-43
008 000000n2000 000 0 eng u
035 _a(Sirsi) u108624
245 _aLondon congestion charges
260 _c2000
490 _aRICS Press Release
_v(pr112) 3 October 2000, (2)
520 _aCongestion charges for London should only be applied during the morning rush hour to avoid effecting the social and cutlural life of the city according to the RICS.
590 _aWB
650 _aCONGESTION CHARGING
650 _aLONDON
650 _aTRAFFIC CONGESTION
690 _aTRANSPORT AND COMMUNICATIONS
942 _n0
999 _c64849
_d64849